000 00472nam a2200193Ia 4500
008 240510s9999 xx 000 0 und d
020 _a0000412281406
041 _aEng
082 _a006.3
082 _bF56
100 _aFORSYTH, R, & NAYLOR, C.
245 4 _aThe hitch-hiker's guide to artificial intelligence
260 _bLondon : Chapman & Hall
260 _c1986
300 _a261 p.
650 _aArtificial intelligence
942 _2ddc
942 _cLBK
999 _c25320
_d25320
945 _a1
_bMadushi Gamage
_c1
_dMadushi Gamage